Les meilleurs buteurs de Lille depuis 2010 - Statistiques

Statistiques générales
  • Ce quiz a été pris 308 fois
  • Le résultat moyen est 9 sur 21
Statistiques - réponses
Joueurs Buts % Correct
Eden Hazard 30
98%
Jonathan Bamba 17
84%
Nicolas Pepe 37
82%
Moussa Sow 36
77%
Gervinho 18
67%
Victor Osimhen 18
64%
Nolan Roux 37
59%
Salomon Kalou 34
48%
Loic Rémy 21
47%
Tulio De Melo 17
47%
Dimitri Payet 19
46%
Sofiane Boufal 15
34%
Luiz Araujo 14
31%
Divock Origi 16
30%
Nicolas De Preville 16
29%
Marko Basa 14
20%
Yassine Benzia 11
19%
Eder 13
16%
Rony Lopes 12
16%
Aurélien Chedjou 13
14%
Djibril Sidibe 11
13%
Aucun quiz correspondant
Distribution des résultats
% des personnes avec chaque résultat
Percentile par nombre de réponses
Votre historique - résultats
Vous n’avez pas pris ce quiz